[Event "Copenhagen Obro CXU New Year op"]
[Site "Copenhagen"]
[Date "2023.12.30"]
[Round "7"]
[White "Sorensen, Peter"]
[Black "Jensen, Benjamin Lau"]
[Result "1-0"]
[WhiteElo "1598"]
[BlackElo "1874"]
[PlyCount "55"]
[EventDate "2023.12.27"]
[EventType "swiss"]
[EventRounds "7"]
[EventCountry "DEN"]
[SourceTitle "CBM 217 Extra"]
[Source "ChessBase"]
[SourceDate "2024.01.31"]
[SourceVersion "1"]
[SourceVersionDate "2024.01.31"]
[SourceQuality "1"]

1. d4 Nf6 2. Nf3 e6 3. g3 c5 4. e3 Nc6 5. Bg2 h5 6. h4 d5 7. 0-0 Bd6 8. dxc5 Bxc5 9. b3 0-0 10. Bb2 Re8 11. Nbd2 e5 12. c4 Bg4 13. cxd5 Nxd5 14. Qc2 Bb6 15. Ng5 g6 16. Nc4 Ndb4 17. Qb1 Rc8 18. Ne4 Be2 19. Ned6 Bxf1 20. Qxf1 Bc7 21. Rd1 Qe7 22. a3 Bxd6 23. Nxd6 Na6 24. b4 Ncb8 25. Nxe8 Rxe8 26. Qc4 b6 27. Rd5 Nd7 28. Qxa6 1-0

[Event "DEN-chT1 2122 Gr1"]
[Site "Denmark"]
[Date "2022.01.30"]
[Round "5"]
[White "Sorensen, Peter"]
[Black "Larsen, Niels Georg"]
[Result "1/2-1/2"]
[WhiteElo "1540"]
[BlackElo "2009"]
[PlyCount "55"]
[EventDate "2021.10.31"]
[EventType "team-tourn"]
[EventRounds "7"]
[EventCountry "DEN"]
[SourceTitle "EXT 2025"]
[Source "ChessBase"]
[SourceDate "2024.10.14"]
[SourceVersion "1"]
[SourceVersionDate "2024.10.14"]
[SourceQuality "1"]
[WhiteTeam "Frem"]
[BlackTeam "Koge II"]
[WhiteTeamCountry "DEN"]
[BlackTeamCountry "DEN"]

1. d4 g6 2. c4 Bg7 3. e4 d6 4. Be3 c5 5. Nf3 cxd4 6. Bxd4 Nf6 7. Nc3 Nc6 8. Be3 0-0 9. Be2 Ng4 10. Bd2 Nge5 11. 0-0 Nxf3+ 12. Bxf3 Nd4 13. Rc1 Bd7 14. Be3 Nxf3+ 15. Qxf3 Bc6 16. Qe2 Qa5 17. f3 Rac8 18. Bd2 Rfe8 19. b3 Bd4+ 20. Kh1 a6 21. Nb5 Qb6 22. Nxd4 Qxd4 23. Bc3 Qb6 24. Rfd1 f6 25. Qd2 Qc7 26. a4 b6 27. a5 Qb7 28. Rb1 1/2-1/2